| 000 | 00456nam a2200169Ia 4500 | ||
|---|---|---|---|
| 008 | 230524s9999 xx 000 0 und d | ||
| 020 | _a9780195883462 | ||
| 082 |
_a658.45 _bSIK |
||
| 100 | _aSoumyen Sikdar | ||
| 245 | 0 | _aContemporary Issues in Globalization: An Introduction to Theory & Policy in Indi | |
| 250 | _a2ND | ||
| 260 |
_aNEW DELHI _bOxford _c2010 |
||
| 300 | _a219 | ||
| 500 | _aQuantity Number: 2 | ||
| 650 | _aManagement | ||
| 942 | _cBK | ||
| 999 |
_c49237 _d49237 |
||